000 00529nam a22001697a 4500
005 20251108171012.0
008 250721s1977 xx 000 0 ara d
082 1 4 _a910.4/عبد
100 1 _aالجهيمان، عبد الكريم
245 1 0 _aدوره مع الشمس /
264 1 _aالرياض :
_bالجمعيه العربيه السعديه للثقافه و الفنون،
_c1977.
300 _a325ص
650 1 7 _aالسياحه
650 1 7 _aالرحلات الأسفار
942 _2ddc
_cBK
999 _c54112
_d54112